000 00439nam a2200181Ia 4500
001 2424
005 20260306144806.0
008 260306t2004||||xx |||||||||||||| ||spa||
041 _aESP
082 _a616.89
_b74
100 _aOrtiz-Tallo Alarcón, Margarita (coord.)
_eAUT
245 0 _aTrastornos psicológicos
260 _c2004
300 _a366 páginas :
_c24 cm.
650 _aGEN
654 _aCPS
942 _cLIB
_dJUS
_fJUS
_2ddc
_n
999 _c2424
_d2424